000 00288nam a22001337a 4500
008 170619b xxu||||| |||| 00| 0 eng d
020 _a0878559434
041 _aeng
080 _25TH
_a94
100 _a20
101 _aSHP
245 _aCUBAN COMMUNISM
_cHOROWITZ,I.L
942 _2udc
_cBK
999 _c18027
_d18027